000 00346nam a2200133Ia 4500
008 240624s9999 xx 000 0 und d
041 _aeng
082 _a828 RAO
100 _aRAO GAURAV
245 _aMAGICIAN IN THE DESERT MERU CABS A TRUE
260 _c2016
_aNew Delhi
_bBloomsbury
300 _aviii, : 136 : p. : cm. ; 22
365 _cRS
_b30
999 _c28091
_d28091